| 000 | 00562nam a22001457a 4500 | ||
|---|---|---|---|
| 020 | _a81-7070-556-8 | ||
| 082 |
_a823 _bPRE/G |
||
| 100 | _aPREMCHAND, MUNSHI | ||
| 245 | _aGODAN | ||
| 260 |
_aDELHI _bRATNA SAGAR _c2000 |
||
| 300 | _a143 | ||
| 520 | _aGodan tells the story of Hori, a poor peasant who is struggling to make ends meet. Despite his hard work, he is unable to repay his debt to his landlord, thus perpetually remaining in his servitude. The novel explores the themes of poverty, caste system, and oppression. | ||
| 650 |
_aNOVEL _zINDIA |
||
| 942 | _cBK | ||
| 999 |
_c3816 _d3816 |
||